[Event "7. Arber-Open Bodenmais 2018"]
[Site "Bodenmais"]
[Date "2018.08.04"]
[Round "8.26"]
[White "Huhs, Sven"]
[Black "Tober, Julian"]
[Result "1-0"]
[WhiteElo "2034"]
[BlackElo "1820"]
[PlyCount "61"]
[EventDate "2018.??.??"]
[WhiteTeam "FG Wohlde"]
[BlackTeam "SV Unser Fritz"]

1. d4 Nf6 2. c4 c5 3. d5 b5 4. cxb5 a6 5. bxa6 Bxa6 6. Nc3 g6 7. e4 d6 8. Bxa6
Rxa6 9. Nge2 Bg7 10. O-O O-O 11. h3 Nbd7 12. Qc2 Qa5 13. a4 Rb8 14. Rb1 Ne8 15.
Rd1 Rab6 16. Nb5 Ra8 17. b3 Rb7 18. Bd2 Qa6 19. Bc3 Nef6 20. f4 Nb6 21. Ba1 c4
22. bxc4 Qxa4 23. Qxa4 Rxa4 24. e5 dxe5 25. c5 Nbxd5 26. c6 Rb8 27. fxe5 Rxa1
28. Rxa1 Rxb5 29. Ra8+ Bf8 30. exf6 exf6 31. Rxd5 1-0

[Event "7. Arber-Open Bodenmais 2018"]
[Site "Bodenmais"]
[Date "2018.08.04"]
[Round "8.27"]
[White "Vennemann, Juergen"]
[Black "Godoj, Veit"]
[Result "1-0"]
[WhiteElo "1887"]
[BlackElo "2017"]
[PlyCount "121"]
[EventDate "2018.??.??"]
[WhiteTeam "SC Hersbruck"]
[BlackTeam "KÃ¶nigsjÃ¤ger SW Berlin"]

1. d4 g6 2. c4 Bg7 3. Nc3 c5 4. d5 Bxc3+ 5. bxc3 f5 6. g3 Qa5 7. Bd2 d6 8. h4
h5 9. Nh3 Nd7 10. Nf4 Ne5 11. Qb3 Qa6 12. Qb5+ Qxb5 13. cxb5 Kf7 14. a4 Bd7 15.
Bg2 Rb8 16. O-O Nf6 17. Nh3 Kg7 18. Ng5 Nf7 19. Nxf7 Kxf7 20. c4 Rhd8 21. Rad1
b6 22. Bf4 Ne8 23. e4 fxe4 24. Bxe4 Ng7 25. Rfe1 Ra8 26. Bg5 Re8 27. Re3 a6 28.
Rde1 axb5 29. axb5 Bf5 30. Rf3 Kf8 31. Rf4 Ra7 32. f3 Rea8 33. g4 Ra1 34. Rxa1
Rxa1+ 35. Kg2 e5 36. dxe6 Nxe6 37. Bd5 hxg4 38. fxg4 Kg7 39. gxf5 Nxf4+ 40.
Bxf4 gxf5 41. h5 Kf6 42. Kg3 Rg1+ 43. Kf2 Rg7 44. Bxd6 Kg5 45. Bf3 Ra7 46. Kg3
Rh7 47. Bf4+ Kf6 48. Kh4 Rd7 49. Bd5 Rg7 50. Bf3 Rd7 51. Bg5+ Kg7 52. Bd5 Ra7
53. Kg3 Ra1 54. Kf4 Rf1+ 55. Ke5 Rf2 56. Bf4 Re2+ 57. Kxf5 Re7 58. h6+ Kh7 59.
Kf6 Re1 60. Bc7 Kxh6 61. Bxb6 1-0

[Event "7. Arber-Open Bodenmais 2018"]
[Site "Bodenmais"]
[Date "2018.08.04"]
[Round "8.28"]
[White "Khamenya, Vitalia"]
[Black "Fehrmann, Gregor"]
[Result "1-0"]
[WhiteElo "1770"]
[BlackElo "1989"]
[PlyCount "39"]
[EventDate "2018.??.??"]
[WhiteTeam "SK GrÃ¤felfing"]
[BlackTeam "SK BruckmÃ¼hl"]

1. e4 c5 2. Nf3 d6 3. d4 cxd4 4. Nxd4 e5 5. Nb3 Nf6 6. Nc3 Be7 7. Be2 O-O 8.
O-O Be6 9. f4 Nc6 10. f5 Bxb3 11. axb3 Nd4 12. Bc4 d5 13. Bxd5 Bc5 14. Kh1 Nxd5
15. Nxd5 Qh4 16. c3 Nc6 17. Qe2 Rad8 18. b4 Bb6 19. Rf3 Qh5 20. Nf6+ 1-0

[Event "7. Arber-Open Bodenmais 2018"]
[Site "Bodenmais"]
[Date "2018.08.04"]
[Round "8.29"]
[White "Horther-Schneider, Elsbeth"]
[Black "Strangmueller, Andreas"]
[Result "0-1"]
[WhiteElo "1839"]
[BlackElo "1980"]
[PlyCount "96"]
[EventDate "2018.??.??"]
[WhiteTeam "SC Windischeschenbach"]
[BlackTeam "SK Landshut"]

1. e4 e6 2. d4 d5 3. exd5 exd5 4. Bd3 c5 5. dxc5 Bxc5 6. Nf3 Nf6 7. O-O O-O 8.
Bg5 Nc6 9. Nc3 Be6 10. a3 a6 11. Qd2 Be7 12. Rfe1 Qd6 13. Bf4 Qd7 14. Ne2 Ne4
15. Qe3 Bc5 16. Ned4 Bg4 17. c3 Rfe8 18. Bxe4 Rxe4 19. Qd2 Rae8 20. Rad1 Bxd4
21. cxd4 Bxf3 22. gxf3 Rxe1+ 23. Rxe1 Rxe1+ 24. Qxe1 Nxd4 25. Kg2 Qe6 26. Qd2
Nc6 27. Bg3 h6 28. b4 d4 29. a4 Qc4 30. Bd6 d3 31. Qe3 Qd5 32. Bf4 g5 33. Qe8+
Kg7 34. Bd2 Ne5 35. Bc3 f6 36. Qe7+ Kg6 37. Qe8+ Qf7 38. Qd8 Qc4 39. Bxe5 fxe5
40. Qe8+ Qf7 41. Qxe5 Qd7 42. Qe4+ Kh5 43. Qe1 d2 44. Qd1 Kh4 45. Kg1 Qd3 46.
b5 Kh3 47. bxa6 bxa6 48. f4 g4 0-1

[Event "7. Arber-Open Bodenmais 2018"]
[Site "Bodenmais"]
[Date "2018.08.04"]
[Round "8.30"]
[White "Glaser, Max"]
[Black "Hrdina, Karl"]
[Result "1-0"]
[WhiteElo "1812"]
[BlackElo "1957"]
[PlyCount "95"]
[EventDate "2018.??.??"]
[WhiteTeam "SC Furth WaldmÃ¼nchen"]
[BlackTeam "SV MÃ¶dling"]

1. e4 d5 2. exd5 Qxd5 3. Nc3 Qe5+ 4. Qe2 Qxe2+ 5. Bxe2 c6 6. Nf3 Nf6 7. d3 e6
8. O-O Bb4 9. a3 Ba5 10. Bf4 O-O 11. h3 Na6 12. Ne4 Nxe4 13. dxe4 Bc7 14. Bxc7
Nxc7 15. Rad1 a5 16. Rd6 f6 17. Rfd1 Re8 18. Nd4 Kf8 19. Nb3 Ke7 20. Nc5 Ra7
21. Rd7+ Bxd7 22. Rxd7+ Kf8 23. Rxc7 Re7 24. Bc4 Rxc7 25. Nxe6+ Ke7 26. Nxc7 b5
27. Nxb5 cxb5 28. Bxb5 Kd6 29. Kf1 Re7 30. f3 Kc5 31. a4 Kb4 32. b3 Kc3 33. Bd3
Kd2 34. Kf2 h6 35. h4 Rc7 36. f4 Rc5 37. Kf3 Rc7 38. e5 fxe5 39. fxe5 Kc3 40.
Ke4 Kb4 41. Kd5 Rd7+ 42. Kc6 Rd8 43. e6 Re8 44. Kd7 Ra8 45. e7 Ra7+ 46. Ke8
Ra8+ 47. Kf7 Ra7 48. Kf8 1-0

[Event "7. Arber-Open Bodenmais 2018"]
[Site "Bodenmais"]
[Date "2018.08.04"]
[Round "8.31"]
[White "Froeschle, Andreas"]
[Black "Bruening, Martin"]
[Result "1-0"]
[WhiteElo "1869"]
[BlackElo "1736"]
[PlyCount "49"]
[EventDate "2018.??.??"]
[WhiteTeam "SV Unterkochen"]
[BlackTeam "TuS Syke"]

1. e4 c6 2. d3 d5 3. Nd2 dxe4 4. dxe4 e5 5. Ngf3 Qc7 6. Bc4 Bg4 7. h3 Bh5 8.
Nf1 Bc5 9. Ng3 Bg6 10. O-O Nf6 11. Re1 O-O 12. c3 b5 13. Bb3 Nbd7 14. Qe2 h6
15. Nh4 Bh7 16. Nhf5 Rad8 17. Qf3 Rfe8 18. Bxh6 gxh6 19. Nxh6+ Kg7 20. Nxf7 Rc8
21. Rad1 Bg6 22. Nf5+ Bxf5 23. Qxf5 Nf8 24. Qg5+ Ng6 25. Qh6+ 1-0

[Event "7. Arber-Open Bodenmais 2018"]
[Site "Bodenmais"]
[Date "2018.08.04"]
[Round "8.32"]
[White "Schmitz, Tim"]
[Black "Legemaat, Gerrit"]
[Result "0-1"]
[WhiteElo "1821"]
[BlackElo "1946"]
[PlyCount "48"]
[EventDate "2018.??.??"]
[WhiteTeam "SC Sendling"]
[BlackTeam "SV Doorn Driebergen"]

1. e4 c5 2. Nf3 Nc6 3. d4 cxd4 4. Nxd4 Qb6 5. Nb3 Nf6 6. Nc3 e6 7. Be3 Qc7 8.
Bd3 a6 9. f4 d6 10. Qf3 Rb8 11. O-O h5 12. h3 b5 13. Rae1 Be7 14. Nd4 Nxd4 15.
Bxd4 Bb7 16. a3 h4 17. Qf2 Nh5 18. Ne2 Kd7 19. e5 Qc6 20. f5 Rbf8 21. Rc1 Bg5
22. c4 b4 23. axb4 dxe5 24. Bxe5 Be3 0-1

[Event "7. Arber-Open Bodenmais 2018"]
[Site "Bodenmais"]
[Date "2018.08.04"]
[Round "8.33"]
[White "Brock, Ditmar"]
[Black "Lehmann, Tim"]
[Result "1/2-1/2"]
[WhiteElo "1933"]
[BlackElo "1915"]
[PlyCount "44"]
[EventDate "2018.??.??"]
[WhiteTeam "SC Bad KÃ¶tzting"]
[BlackTeam "SV Lahn Limburg"]

1. d4 Nf6 2. Nf3 g6 3. g3 Bg7 4. c4 O-O 5. Bg2 d6 6. O-O Nc6 7. Nc3 a6 8. Bg5
h6 9. Bd2 Rb8 10. a4 Re8 11. b3 Bd7 12. d5 Na5 13. e4 c5 14. Re1 Ng4 15. Ra2
Qb6 16. Ra3 Kh7 17. Qc2 e5 18. Nd1 Qc7 19. h3 Nf6 20. Ne3 b6 21. Nh2 Qc8 22. f3
Nh5 1/2-1/2

[Event "7. Arber-Open Bodenmais 2018"]
[Site "Bodenmais"]
[Date "2018.08.04"]
[Round "8.34"]
[White "Van Hoorebeke, Jimmy"]
[Black "Kneutgen, Alexander"]
[Result "1/2-1/2"]
[WhiteElo "1783"]
[BlackElo "1933"]
[PlyCount "40"]
[EventDate "2018.??.??"]
[WhiteTeam "Belgien"]
[BlackTeam "SG Niederkassel"]
[WhiteTeamCountry "BEL"]

1. e4 e6 2. d3 g6 3. Nd2 Bg7 4. Ngf3 c5 5. g3 Nc6 6. Bg2 Nge7 7. O-O O-O 8. Re1
d6 9. Nf1 Rb8 10. c3 e5 11. h4 h6 12. Be3 b5 13. a3 Kh7 14. b4 f5 15. bxc5 d5
16. Qc2 f4 17. Bd2 dxe4 18. dxe4 Ng8 19. Rab1 Be6 20. N1h2 Qe7 1/2-1/2

[Event "7. Arber-Open Bodenmais 2018"]
[Site "Bodenmais"]
[Date "2018.08.04"]
[Round "8.35"]
[White "Reuter, Roland"]
[Black "Fuchs, Florian"]
[Result "1-0"]
[WhiteElo "1953"]
[BlackElo "1621"]
[PlyCount "49"]
[EventDate "2018.??.??"]
[WhiteTeam "SK Schwabach"]
[BlackTeam "DJK SF Haselbach"]

1. e4 c5 2. Nf3 e6 3. d4 cxd4 4. c3 Nf6 5. Bg5 Be7 6. Bxf6 Bxf6 7. cxd4 d5 8.
e5 Be7 9. Nc3 Nc6 10. Be2 Bd7 11. O-O a6 12. a3 O-O 13. Rc1 f6 14. Qd2 fxe5 15.
dxe5 Qb8 16. Nxd5 exd5 17. Qxd5+ Rf7 18. Qxd7 Kf8 19. Qd5 Qd8 20. Rfd1 Qxd5 21.
Rxd5 Rd8 22. Rxd8+ Nxd8 23. h3 Ke8 24. Bd3 Ne6 25. Bc4 1-0

[Event "7. Arber-Open Bodenmais 2018"]
[Site "Bodenmais"]
[Date "2018.08.04"]
[Round "8.36"]
[White "Desoye, Gernot"]
[Black "Simacek, Vaclav"]
[Result "1/2-1/2"]
[WhiteElo "1767"]
[BlackElo "1868"]
[PlyCount "116"]
[EventDate "2018.??.??"]
[WhiteTeam "SF Graz"]
[BlackTeam "Å K Sokol Klatovy"]

1. d4 Nf6 2. c4 c5 3. d5 b5 4. cxb5 a6 5. bxa6 Nxa6 6. Nc3 Bb7 7. e4 e6 8. Bc4
Qb6 9. Nf3 d6 10. dxe6 O-O-O 11. Qe2 fxe6 12. Bxe6+ Kb8 13. Bb3 Re8 14. O-O d5
15. Bf4+ Bd6 16. Bxd6+ Qxd6 17. e5 Qb6 18. Qb5 Qxb5 19. Nxb5 Ne4 20. Nd6 Nxd6
21. exd6 c4 22. Ba4 Rd8 23. Ne5 Nc5 24. Bb5 Rhf8 25. d7 Kc7 26. Rad1 Rf5 27. f4
Ne6 28. g4 Rff8 29. f5 Ng5 30. h4 Ne4 31. Nf3 Kb6 32. Nd4 Nc5 33. a4 Nxd7 34.
Ne6 Ne5 35. Nxf8 Rxf8 36. g5 Ng4 37. Rde1 d4 38. Rf4 h5 39. Rxd4 Rxf5 40. Rxc4
Bd5 41. Rc2 Rf3 42. Bf1 Ne3 43. Rxe3 Rxe3 44. Rd2 Be4 45. b4 Rg3+ 46. Kf2 Rf3+
47. Ke2 Rf4 48. Ke3 Rxh4 49. Rd4 Rh1 50. Rxe4 Rxf1 51. Rh4 Rg1 52. Kf4 g6 53.
Kf3 Rf1+ 54. Ke4 Rf5 55. Rxh5 Kc6 56. Rh6 Rxg5 57. Kf4 Rg1 58. Ke5 Rg4 1/2-1/2

[Event "7. Arber-Open Bodenmais 2018"]
[Site "Bodenmais"]
[Date "2018.08.04"]
[Round "8.37"]
[White "Albrecht, Manuel"]
[Black "Karner, Carl-Philipp"]
[Result "1-0"]
[WhiteElo "1863"]
[BlackElo "1555"]
[PlyCount "63"]
[EventDate "2018.??.??"]
[WhiteTeam "SK Landau-Dingolfing"]
[BlackTeam "ASV Burglengenfeld"]

1. e4 Nf6 2. e5 Nd5 3. d4 Nc6 4. c4 Nb6 5. Be3 d6 6. f4 Bf5 7. Nc3 e6 8. Nf3
Be7 9. d5 Nb4 10. Nd4 dxe5 11. fxe5 Bg5 12. Nxf5 exf5 13. Bxb6 axb6 14. a3 Na6
15. Qf3 g6 16. Bd3 O-O 17. O-O Re8 18. Rae1 Nc5 19. Bc2 Bd2 20. Re2 Qg5 21. Nb5
Re7 22. b4 Nd7 23. e6 fxe6 24. dxe6 Nf8 25. Qxb7 Rae8 26. Qd5 Be3+ 27. Kh1 Nxe6
28. g3 f4 29. Qxg5 Nxg5 30. gxf4 Ne4 31. Bxe4 Rxe4 32. Rfe1 1-0

[Event "7. Arber-Open Bodenmais 2018"]
[Site "Bodenmais"]
[Date "2018.08.04"]
[Round "8.38"]
[White "Kronschnabl, Matthias"]
[Black "Titze, Karsten"]
[Result "1-0"]
[WhiteElo "1751"]
[BlackElo "1852"]
[PlyCount "61"]
[EventDate "2018.??.??"]
[WhiteTeam "SC Bayerwald"]
[BlackTeam "vereinslos"]

1. d4 Nf6 2. Bf4 d6 3. e3 c6 4. c3 Bf5 5. Nf3 Nbd7 6. Be2 Qb6 7. Qb3 Qxb3 8.
axb3 Nh5 9. Bg5 h6 10. Bh4 g5 11. Nfd2 Nhf6 12. Bg3 Bg7 13. h3 Ne4 14. Nxe4
Bxe4 15. O-O O-O 16. Nd2 Bg6 17. Ra5 c5 18. Bf3 cxd4 19. exd4 Rfb8 20. Re1 Kf8
21. Rb5 a6 22. Rxb7 Rxb7 23. Bxb7 Ra7 24. Bc6 Nb8 25. Ba4 f5 26. f4 Be8 27.
Bxe8 Kxe8 28. fxg5 Kd7 29. gxh6 Bxh6 30. Nc4 f4 31. Bh4 1-0

[Event "7. Arber-Open Bodenmais 2018"]
[Site "Bodenmais"]
[Date "2018.08.04"]
[Round "8.39"]
[White "Bartels, Vladimir"]
[Black "Scheuerer, Werner"]
[Result "0-1"]
[WhiteElo "1739"]
[BlackElo "1828"]
[PlyCount "66"]
[EventDate "2018.??.??"]
[WhiteTeam "Niederlande"]
[BlackTeam "SC Garching"]
[WhiteTeamCountry "NED"]

1. e4 c5 2. Nc3 Nc6 3. Bb5 d6 4. Bxc6+ bxc6 5. f4 Qc7 6. Nf3 g6 7. d3 Bg7 8.
Be3 Rb8 9. Rb1 Rxb2 10. Bd2 Rxb1 11. Qxb1 Nf6 12. O-O O-O 13. Qb2 Nd7 14. Rb1
Nb6 15. Qa3 h5 16. Na4 Bd7 17. Ba5 Rb8 18. Qb3 Be6 19. c4 Qd7 20. Bxb6 axb6 21.
Nxb6 Qa7 22. Nd2 Qa5 23. Nf3 Bg4 24. Kf2 Bxf3 25. Kxf3 e6 26. g4 hxg4+ 27. Kxg4
Bf6 28. f5 Bd8 29. fxg6 fxg6 30. Rf1 Qxb6 31. Qc3 Qb2 32. Qxb2 Rxb2 33. Ra1 Ba5
0-1

[Event "7. Arber-Open Bodenmais 2018"]
[Site "Bodenmais"]
[Date "2018.08.04"]
[Round "8.40"]
[White "Bergmann, Reiner"]
[Black "Schreiber, Egwin"]
[Result "0-1"]
[WhiteElo "1808"]
[BlackElo "1586"]
[PlyCount "88"]
[EventDate "2018.??.??"]
[WhiteTeam "SC Bayerwald"]
[BlackTeam "SV Deggendorf"]

1. e4 e5 2. Nf3 Nc6 3. Bb5 Nge7 4. O-O g6 5. c3 Bg7 6. d4 a6 7. Ba4 exd4 8.
cxd4 d5 9. e5 Bg4 10. Be3 O-O 11. h3 Bxf3 12. Qxf3 b5 13. Bb3 Na5 14. Bc2 Nc4
15. Bc1 Nc6 16. Qd1 Qh4 17. f4 Qe7 18. b3 Nb6 19. Be3 Nb4 20. Nd2 f6 21. a3
Nxc2 22. Qxc2 fxe5 23. dxe5 Qd7 24. Nf3 Rab8 25. Rac1 Rb7 26. Nd4 Re8 27. Qc6
Qxc6 28. Rxc6 Bf8 29. Bc1 a5 30. Nxb5 a4 31. Rxc7 Rxc7 32. Nxc7 Rc8 33. Ne6
axb3 34. Bb2 Rc2 35. Nxf8 Kxf8 36. Rb1 Na4 37. Bd4 b2 38. Kh2 Rc1 39. Rxb2 Nxb2
40. Bxb2 Rc4 41. Kg3 d4 42. Kf3 d3 43. g3 Rc2 44. Bd4 Rh2 0-1

[Event "7. Arber-Open Bodenmais 2018"]
[Site "Bodenmais"]
[Date "2018.08.04"]
[Round "8.41"]
[White "Rempe, Jonas"]
[Black "Kochendoerfer, Juergen"]
[Result "1-0"]
[WhiteElo "1567"]
[BlackElo "1776"]
[PlyCount "97"]
[EventDate "2018.??.??"]
[WhiteTeam "SK Doppelbauer Kiel"]
[BlackTeam "SV Crailsheim"]

1. e4 b6 2. d4 Bb7 3. Nc3 e6 4. Bd3 Bb4 5. Nge2 Nf6 6. O-O d5 7. e5 Ne4 8. Nb1
Nd7 9. c3 Be7 10. Bxe4 dxe4 11. Ng3 O-O 12. Nd2 f5 13. exf6 Nxf6 14. Qc2 Qd5
15. Re1 e3 16. Nf3 exf2+ 17. Kxf2 Ng4+ 18. Kg1 Rxf3 19. gxf3 Qxf3 20. Qe2 Qd5
21. Qxe6+ Qxe6 22. Rxe6 Bd6 23. c4 Rf8 24. Re2 Bf3 25. Re1 h5 26. Bg5 Kh7 27.
Be7 Bxg3 28. hxg3 Rf5 29. a4 g5 30. Ra3 Nh6 31. Bxg5 Rxg5 32. Rxf3 Nf5 33. Re5
Kg6 34. Re6+ Kg7 35. Rc6 Nxd4 36. Rxc7+ Kg6 37. Rd3 Rg4 38. Rxa7 h4 39. Rb7
Ne2+ 40. Kf2 Nxg3 41. Rxb6+ Kf5 42. Rd5+ Kf4 43. Rf6+ Ke4 44. Re6+ Kf4 45. Rd4+
Kf5 46. Rxg4 Kxg4 47. Rg6+ Kh3 48. Rxg3+ hxg3+ 49. Kg1 1-0

[Event "7. Arber-Open Bodenmais 2018"]
[Site "Bodenmais"]
[Date "2018.08.04"]
[Round "8.42"]
[White "Krejci, Vera Marie"]
[Black "Brassat, Juergen"]
[Result "1/2-1/2"]
[WhiteElo "1438"]
[BlackElo "1839"]
[PlyCount "28"]
[EventDate "2018.??.??"]
[WhiteTeam "SK Rothenburg"]
[BlackTeam "SC Bavaria Regensburg von 1881"]

1. e4 c5 2. Nf3 d6 3. d4 cxd4 4. Nxd4 Nf6 5. Nc3 a6 6. Be3 e5 7. Nf3 Be7 8. Be2
O-O 9. O-O h6 10. Nd5 Nxd5 11. Qxd5 Nd7 12. b3 Nf6 13. Qd3 Qc7 14. c4 Be6
1/2-1/2

[Event "7. Arber-Open Bodenmais 2018"]
[Site "Bodenmais"]
[Date "2018.08.04"]
[Round "8.43"]
[White "Wunderlich, Matthias"]
[Black "Steppuhn, Simone"]
[Result "1/2-1/2"]
[WhiteElo "1826"]
[BlackElo "1570"]
[PlyCount "94"]
[EventDate "2018.??.??"]
[WhiteTeam "BSV-KW JÃ¤nschwalde"]
[BlackTeam "BrÃ¼hler SK"]

1. Nc3 c5 2. Nf3 Nf6 3. e4 d6 4. d4 cxd4 5. Nxd4 a6 6. g3 e6 7. Bg2 Be7 8. O-O
O-O 9. Be3 e5 10. Nb3 Qc7 11. h3 Be6 12. Rc1 Nbd7 13. Nd5 Bxd5 14. exd5 b5 15.
Qd2 a5 16. Qe2 Qb7 17. Qd3 a4 18. Nd2 Qa6 19. a3 Rac8 20. c4 bxc4 21. Nxc4 Nc5
22. Bxc5 Rxc5 23. Nxe5 Qxd3 24. Nxd3 Rb5 25. Nb4 Re8 26. Rfe1 Kf8 27. Rc7 Bd8
28. Rxe8+ Kxe8 29. Ra7 Ra5 30. Rb7 Rc5 31. Rb8 Nd7 32. Rb7 Rc1+ 33. Bf1 Nc5 34.
Ra7 Bb6 35. Ra8+ Ke7 36. Kg2 Rd1 37. Bb5 Rd2 38. Re8+ Kf6 39. Re2 Rxe2 40. Bxe2
Ke5 41. Kf1 g5 42. f3 Kd4 43. Ke1 f5 44. Bb5 Ke3 45. Be2 Kd4 46. Bd1 f4 47. g4
Ba5 1/2-1/2

[Event "7. Arber-Open Bodenmais 2018"]
[Site "Bodenmais"]
[Date "2018.08.04"]
[Round "8.44"]
[White "Neumann, Lutz"]
[Black "Thullen, Andre"]
[Result "1/2-1/2"]
[WhiteElo "1815"]
[BlackElo "1570"]
[PlyCount "82"]
[EventDate "2018.??.??"]
[WhiteTeam "BSV Ehrenfriedersdorf"]
[BlackTeam "SV Urmitz"]

1. e4 c5 2. Nf3 Nc6 3. d4 cxd4 4. Nxd4 g6 5. Nc3 Bg7 6. Be3 d6 7. Be2 Nf6 8.
O-O O-O 9. Nb3 Be6 10. Nd4 Bd7 11. h3 a6 12. Qd2 Nxd4 13. Bxd4 Bc6 14. Bf3 Qa5
15. Rfd1 b5 16. a3 Rfc8 17. Qe2 Nd7 18. Bxg7 Kxg7 19. Nd5 Bxd5 20. exd5 Ne5 21.
Be4 Ra7 22. Qe3 Qc7 23. c3 Kg8 24. a4 Nc4 25. Qe2 Qb6 26. axb5 Qxb5 27. Bd3
Qxd5 28. Bxg6 Qe5 29. Qxe5 dxe5 30. Be4 Nxb2 31. Rdb1 Nc4 32. Bd3 Nd6 33. Rxa6
Rxa6 34. Bxa6 Rxc3 35. Rb4 f5 36. Kf1 Kg7 37. Ke2 Kf6 38. Rh4 Ra3 39. Bd3 e4
40. Bc2 Ra2 41. Kd1 Ra1+ 1/2-1/2

[Event "7. Arber-Open Bodenmais 2018"]
[Site "Bodenmais"]
[Date "2018.08.04"]
[Round "8.45"]
[White "Hoffmann, Steffen"]
[Black "Stehlik, Christian"]
[Result "0-1"]
[WhiteElo "1417"]
[BlackElo "1747"]
[PlyCount "114"]
[EventDate "2018.??.??"]
[WhiteTeam "SC NT NÃ¼rnberg"]
[BlackTeam "SC Bayerwald"]

1. d4 d5 2. Bf4 Bf5 3. e3 f6 4. Bd3 Be4 5. Bxe4 dxe4 6. f3 exf3 7. Nxf3 g5 8.
Bg3 c5 9. O-O Bh6 10. dxc5 Qxd1 11. Rxd1 g4 12. Nd4 Bxe3+ 13. Bf2 Bxf2+ 14.
Kxf2 Na6 15. Ne6 Kf7 16. Nd8+ Ke8 17. Nxb7 Rc8 18. Nc3 Rc7 19. Rd8+ Kf7 20. Na5
Rxc5 21. Nb3 Rf5+ 22. Kg1 Nb4 23. Rf1 Rxf1+ 24. Kxf1 Nxc2 25. Ke2 Nb4 26. a3
Nc6 27. Rc8 Ne5 28. Nd4 Ng6 29. b4 e5 30. Rc7+ N8e7 31. Ndb5 a6 32. Nd6+ Ke6
33. Nde4 Nf4+ 34. Kf2 Ned5 35. Nxd5 Nxd5 36. Rc6+ Ke7 37. Rxa6 f5 38. Ng3 Kd7
39. Ra5 Ke6 40. Ra6+ Kd7 41. Ra7+ Kc6 42. Rf7 f4 43. Ne4 Ne3 44. g3 Kd5 45. Nd2
fxg3+ 46. hxg3 Nc2 47. Rd7+ Ke6 48. Ra7 Rf8+ 49. Ke2 Nd4+ 50. Ke3 Nf5+ 51. Kf2
h5 52. Ra6+ Kd7 53. Ra7+ Kc6 54. Ra5 e4 55. Nxe4 Nd6+ 56. Ke2 Nxe4 57. Rxh5
Nxg3+ 0-1

[Event "7. Arber-Open Bodenmais 2018"]
[Site "Bodenmais"]
[Date "2018.08.04"]
[Round "8.46"]
[White "Naumann, Thomas"]
[Black "Tiggemann, Felix"]
[Result "1-0"]
[WhiteElo "1710"]
[BlackElo "1490"]
[PlyCount "39"]
[EventDate "2018.??.??"]
[WhiteTeam "ESV Lok DÃ¶beln"]
[BlackTeam "SF SchÃ¶neck"]

1. d4 d5 2. Nf3 e6 3. Bf4 c5 4. e3 Nc6 5. Nc3 Bd7 6. Nb5 Qb6 7. Bc7 Qa6 8. Nd6+
Bxd6 9. Bxa6 Bxc7 10. Bxb7 Rb8 11. Bxc6 Bxc6 12. Rb1 Ba5+ 13. c3 Nf6 14. O-O c4
15. Ne5 Bb5 16. f4 Ne4 17. f5 Bc7 18. fxe6 fxe6 19. Qh5+ g6 20. Nxg6 1-0

[Event "7. Arber-Open Bodenmais 2018"]
[Site "Bodenmais"]
[Date "2018.08.04"]
[Round "8.47"]
[White "Stowicek, Lars"]
[Black "Lehmann, Nils"]
[Result "0-1"]
[WhiteElo "1275"]
[BlackElo "1681"]
[PlyCount "76"]
[EventDate "2018.??.??"]
[WhiteTeam "USV Halle"]
[BlackTeam "SV Lahn Limburg"]

1. e4 e5 2. Bc4 Nf6 3. Nf3 Nc6 4. d3 Bc5 5. c3 d6 6. h3 a6 7. Bb3 h6 8. O-O O-O
9. Nbd2 Ba7 10. Bc2 Ne7 11. Nc4 Ng6 12. Ne3 c6 13. Nf5 Bxf5 14. exf5 Ne7 15.
Nh4 Qd7 16. Qf3 d5 17. Be3 Bxe3 18. fxe3 Rad8 19. Rad1 Qc7 20. b3 Rd7 21. b4 b6
22. e4 dxe4 23. dxe4 Rfd8 24. Rxd7 Rxd7 25. Qe2 b5 26. Bb3 Kf8 27. a3 c5 28.
Qe3 cxb4 29. cxb4 Qd8 30. Qe1 Rd3 31. Qb1 Qd4+ 32. Kh1 Nxe4 33. Bc2 Ng3+ 34.
Kh2 Nxf1+ 35. Kh1 Rd2 36. Qxf1 Rxc2 37. Ng6+ Nxg6 38. fxg6 Qf2 0-1

[Event "7. Arber-Open Bodenmais 2018"]
[Site "Bodenmais"]
[Date "2018.08.04"]
[Round "8.48"]
[White "Roesch, Felix"]
[Black "Kissel, Ralf"]
[Result "0-1"]
[WhiteElo "1523"]
[BlackElo "1639"]
[PlyCount "56"]
[EventDate "2018.??.??"]
[WhiteTeam "SV Urmitz"]
[BlackTeam "SK Mannheim"]

1. e4 e6 2. d4 d5 3. e5 c5 4. c3 Nc6 5. Nf3 Bd7 6. Bd3 Rc8 7. O-O cxd4 8. cxd4
Nb4 9. Nc3 Nxd3 10. Qxd3 a6 11. a3 Ne7 12. Kh1 Nc6 13. b4 Na7 14. Bd2 Be7 15.
Rfc1 O-O 16. Ne1 f6 17. f4 fxe5 18. dxe5 Kh8 19. Qe3 b6 20. Ne2 Bc6 21. Nd4 Qd7
22. Qh3 Rf5 23. Nxf5 exf5 24. Nc2 d4 25. Qd3 Qd5 26. Rg1 Rd8 27. Qxa6 Nc8 28.
Ne1 Bb5 0-1

[Event "7. Arber-Open Bodenmais 2018"]
[Site "Bodenmais"]
[Date "2018.08.04"]
[Round "8.49"]
[White "Nusser, Hans-Karl"]
[Black "Gaedt, Mario"]
[Result "0-1"]
[WhiteElo "1743"]
[BlackElo "1506"]
[PlyCount "130"]
[EventDate "2018.??.??"]
[WhiteTeam "MÃ¼nchener SC"]
[BlackTeam "SV Bergen"]

1. d4 Nf6 2. c4 g6 3. Nc3 Bg7 4. e4 d6 5. Nf3 O-O 6. Be2 c5 7. O-O cxd4 8. Nxd4
a6 9. Be3 b6 10. f3 Bb7 11. Qd2 Nbd7 12. Rfc1 Qc7 13. Bh6 Rac8 14. Bxg7 Kxg7
15. Rc2 Qb8 16. Rac1 Rfd8 17. Na4 Qa7 18. Qe3 Kg8 19. Nb3 Bc6 20. Nc3 Bb7 21.
Nd2 Nf8 22. Nd5 Nxd5 23. exd5 Re8 24. Ne4 Rc7 25. Nf6+ exf6 26. Qxe8 Bc8 27.
Qe3 Re7 28. Qf2 Bf5 29. Rc3 a5 30. Re3 Rc7 31. a4 Nd7 32. Bd3 Bxd3 33. Rxd3 Nc5
34. Ra3 Qb8 35. Rcc3 Qf8 36. Re3 f5 37. Qe2 Qh6 38. Ra1 Kg7 39. b3 Qg5 40. Qb2+
Kh6 41. Rae1 f4 42. Rc3 Qf6 43. Qd2 g5 44. Re8 Nd7 45. Re4 Ne5 46. Qd4 Rb7 47.
Rc1 Qg6 48. Rb1 f5 49. Rxe5 dxe5 50. Qxe5 Rf7 51. Re1 Rf6 52. Qe7 g4 53. Re6
Rxe6 54. Qxe6 gxf3 55. Qxg6+ Kxg6 56. d6 Kf7 57. Kf2 fxg2 58. Kxg2 Ke6 59. d7
Kxd7 60. Kf3 Kc6 61. Kxf4 Kc5 62. Kxf5 Kb4 63. Kg5 Kxb3 64. Kh6 Kxa4 65. Kxh7
Kb4 0-1

[Event "7. Arber-Open Bodenmais 2018"]
[Site "Bodenmais"]
[Date "2018.08.04"]
[Round "8.50"]
[White "Goerl, Peter"]
[Black "Merkl, Michael"]
[Result "0-1"]
[WhiteElo "1315"]
[BlackElo "1689"]
[PlyCount "100"]
[EventDate "2018.??.??"]
[WhiteTeam "SC Gardez-Viechtach"]
[BlackTeam "TSV KÃ¶sching"]

1. d4 Nf6 2. Nf3 g6 3. e3 Bg7 4. c4 d6 5. b3 O-O 6. Bb2 d5 7. Nbd2 c6 8. Be2 b6
9. O-O Na6 10. Ne5 Qd6 11. Ndf3 Nd7 12. Nxd7 Qxd7 13. Qd2 Bb7 14. Rac1 Rac8 15.
Ba1 Rfd8 16. cxd5 cxd5 17. Rc2 Rxc2 18. Qxc2 Rc8 19. Qd2 Qc7 20. Ne5 e6 21. Nd3
Qc2 22. Rd1 Bf8 23. Kf1 Qxd2 24. Rxd2 Nb4 25. Nxb4 Bxb4 26. Rd1 Rc2 27. f3 Rxa2
28. Rc1 Ba6 29. Bxa6 Rxa6 30. Ke2 Ra2+ 31. Kf1 Bd2 32. Rd1 Bxe3 33. Bc3 a5 34.
Rd3 Bf4 35. Be1 Rc2 36. g3 Bd6 37. Bd2 Kf8 38. Ke1 Ke7 39. Kd1 Rc6 40. Bc3 Kd7
41. Kd2 Kc8 42. f4 Kb7 43. Kc2 Bb4 44. Kb2 Bxc3+ 45. Rxc3 Rxc3 46. Kxc3 Kc6 47.
h3 h5 48. g4 Kb5 49. g5 a4 50. b4 h4 0-1

[Event "7. Arber-Open Bodenmais 2018"]
[Site "Bodenmais"]
[Date "2018.08.04"]
[Round "8.51"]
[White "Bartels, Christian"]
[Black "Lindstaedt, Erik"]
[Result "1/2-1/2"]
[WhiteElo "1614"]
[BlackElo "919"]
[PlyCount "81"]
[EventDate "2018.??.??"]
[WhiteTeam "Niederlande"]
[BlackTeam "SV Unser Fritz"]
[WhiteTeamCountry "NED"]

1. d4 c6 2. c4 d6 3. Nf3 Nf6 4. Nc3 Bg4 5. e3 e6 6. Be2 Be7 7. O-O O-O 8. Nd2
Bxe2 9. Qxe2 d5 10. b3 Nbd7 11. f3 Qc7 12. e4 dxc4 13. Nxc4 Rfd8 14. Bg5 Re8
15. e5 Nd5 16. Bd2 N7b6 17. f4 Qd7 18. Qg4 f6 19. f5 exf5 20. Qxf5 Qxf5 21.
Rxf5 fxe5 22. Nxb6 Nxb6 23. dxe5 Bc5+ 24. Kh1 Bd4 25. Re1 Re6 26. Re4 Bc5 27.
Bg5 Rae8 28. Ne2 Bd6 29. Bf4 Nd7 30. Nd4 R6e7 31. e6 Bxf4 32. Rfxf4 Nc5 33. Re2
Nxe6 34. Rfe4 Kf7 35. Rf2+ Kg6 36. Nf5 Rd7 37. g4 h6 38. Rfe2 Kf7 39. Rf2 Kg8
40. h4 Nc7 41. Ref4 1/2-1/2